000 01161nam a2200313 a 4500
001 000113274
003 CHAP
005 20220329144347.0
008 170530s2016 mx sm |||||||spa d
010 _a109735
011 _a110707
040 _cCHAP
090 _aTesis
100 1 _aHinojosa Durán, Araceli
_9132395
245 1 0 _aGerminación in vitro de semillas de albahaca (Osimun basilicum) y climatización de plantas
_h[En línea]
_cpor Araceli Hinojosa Durán.
260 _aChapingo, Méx. :
_bEl autor,
_c2016.
500 _aPara ver el contenido del material haga clic en la liga
502 _aTesis (Ing. Agr. Esp. en Fitotecnia) -- UACH. Departamento de Fitotecnia
590 _aBATCH-UPD
_b05
_c20170530
_lUCH01
_h0909
590 _aE5765TAJ
_b05
_c20170530
_lUCH01
_h0908
590 _aE5765TAJ
_b05
_c20170530
_lUCH01
_h0909
650 1 4 _aAlbahaca
_xCrecimiento.
_9132397
650 1 4 _aAlbahaca
_xSemillas
_xGerminación.
_9132396
650 1 4 _aReguladores de crecimiento de las plantas
_xAnálisis.
_9131429
856 _aFinding aid
_uhttp://10.13.5.2/tesis/sist113274.pdf
_zTeclea aquí
901 _aBK
942 _cTESIS
942 _n0
999 _c109735
_d109735